Cien años de soledad
Shranjeno v:
| Glavni avtor: | |
|---|---|
| Format: | Knjiga |
| Jezik: | španščina |
| Izdano: |
Buenos Aires
Sudamericana
1969
|
| Izdaja: | 12a. ed |
| Teme: | |
| Oznake: |
Označite
Brez oznak, prvi označite!
|
MARC
| LEADER | 00000cam a2200000 a 4500 | ||
|---|---|---|---|
| 001 | UCE9794 | ||
| 003 | CL-VaPUC | ||
| 008 | 151106e19690000ag |||||||||||||||||spa|d | ||
| 082 | 0 | 4 | |a Co863 |b GAR |2 21 |
| 100 | 0 | |a García Márquez, Gabriel |e author |9 318478 | |
| 245 | 1 | 0 | |a Cien años de soledad |
| 250 | |a 12a. ed | ||
| 300 | |a 351 p | ||
| 942 | |c BK | ||
| 945 | |d 20151106 14:16:00 |a dcastane | ||
| 260 | |a Buenos Aires |b Sudamericana |c 1969 | ||
| 650 | 0 | |a Novelas colombianas |9 266734 | |
| 650 | 0 | |a Literatura colombiana |9 315578 | |
| 583 | |a last modification |c 20151106 14:16:00 |k Rodrigo Vera | ||
| 999 | |c 361439 |d 361437 | ||
| 952 | |0 0 |1 0 |3 erb |4 0 |6 CO_863_000000000000000_GAR_1969 |7 0 |8 A |9 471951 |a BIBEDU |b BIBEDU |i 5210240 |l 3 |o Co863 GAR 1969 |p 5210240 |r 2024-09-25 |s 2024-09-16 |w 2019-11-24 |y BK |z Catalogado en:20151106 |k EDU | ||